Dinamica de las reformas agrarias en América Latina / (Record no. 12865)
[ view plain ]
| 000 -CABECERA | |
|---|---|
| campo de control de longitud fija | 00613cam a2200181 a 4500 |
| 001 - NÚMERO DE CONTROL | |
| campo de control | 000013233 |
| 005 - FECHA Y HORA DE LA ÚLTIMA TRANSACCIÓN | |
| campo de control | 20200929163154.0 |
| 008 - DATOS DE LONGITUD FIJA--INFORMACIÓN GENERAL | |
| campo de control de longitud fija | 770819s1970 ck b 001 0 spa |
| 040 ## - FUENTE DE LA CATALOGACIÓN | |
| Centro catalogador/agencia de origen | DO-SdBNP |
| Lengua de catalogación | spa |
| Centro/agencia transcriptor | BNPHU |
| 082 ## - NÚMERO DE LA CLASIFICACIÓN DECIMAL DEWEY | |
| Número de clasificación | 333.31098 |
| Número de documento/Ítem | G216d, 1970 |
| 100 1# - ENTRADA PRINCIPAL--NOMBRE DE PERSONA | |
| Nombre de persona | García, Antonio, |
| Fechas asociadas al nombre | 1912-1982. |
| 9 (RLIN) | 30384 |
| 245 10 - MENCIÓN DE TÍTULO | |
| Título | Dinamica de las reformas agrarias en América Latina / |
| Mención de responsabilidad, etc. | Antonio García. |
| 250 ## - MENCIÓN DE EDICIÓN | |
| Mención de edición | 3a ed. |
| 260 ## - PUBLICACIÓN, DISTRIBUCIÓN, ETC. | |
| Lugar de publicación, distribución, etc. | Medellín, Colombia : |
| Nombre del editor, distribuidor, etc. | La Oveja Negra, |
| Fecha de publicación, distribución, etc. | 1970. |
| 300 ## - DESCRIPCIÓN FÍSICA | |
| Extensión | 142 p. ; |
| Dimensiones | 23 cm. |
| 650 #4 - PUNTO DE ACCESO ADICIONAL DE MATERIA--TÉRMINO DE MATERIA | |
| Término de materia o nombre geográfico como elemento de entrada | Reforma agraria |
| Subdivisión geográfica | América Latina. |
| 9 (RLIN) | 7570 |
| 650 #4 - PUNTO DE ACCESO ADICIONAL DE MATERIA--TÉRMINO DE MATERIA | |
| Término de materia o nombre geográfico como elemento de entrada | Tenencia de la tierra |
| Subdivisión geográfica | América Latina |
| 9 (RLIN) | 23647 |
| Estado de retiro | Estado de pérdida | Restricciones de uso | No para préstamo | Código de colección | Localización permanente | Ubicación/localización actual | Ubicación en estantería | Fecha de adquisición | Número de inventario | Total de préstamos | Signatura topográfica completa | Código de barras | Fecha visto por última vez | Precio válido a partir de | Tipo de ítem Koha |
|---|---|---|---|---|---|---|---|---|---|---|---|---|---|---|---|
| Préstamo interno | Monografías: Libros y Folletos | General | General | En catalogación | 20.11.2009 | LF1 | 333.31098 G216d, 1970 | 13233-10 | 25.06.2020 | 25.06.2020 | Préstamo interno |
